000 00377cam a2200145ua 4500
041 _aeng
_h
082 _a330.1
_bTAU/PR
100 _aTaussing, F.W .
245 _aPrinciples of economics Vol.1 /
_cF.W.Taussing.
_hTextual Documents
260 _aLondon :
_bMacMillan and Company Limited ,
_c1961.
300 _a546 ; .
504 _a
942 _cBK
999 _c11377
_d11377